[Event "Mitropa Cup 16th"]
[Site "Buekfuerdo"]
[Date "1995.??.??"]
[Round "5"]
[White "Belotti, Bruno"]
[Black "Loncar, Robert"]
[Result "0-1"]
[WhiteElo "2405"]
[BlackElo "2385"]
[Annotator "Bangiev"]
[PlyCount "46"]
[EventDate "1995.02.??"]
[EventType "team-tourn"]
[EventRounds "9"]
[EventCountry "HUN"]
[Source "ChessBase"]
[SourceDate "1995.07.01"]

1. e4 {Blatny,P} e5 2. f4 exf4 3. Nf3 Be7 4. Bc4 (4. d4 {Blatny,P} d5 $1 (4...
Bh4+ 5. Ke2 d5 6. e5 Be7 7. Bxf4 c5 8. Kf2 $1 $14) 5. e5 g5 6. Be2 c5 7. O-O
Nc6 8. c3 Be6 $15 {Martin-Euwe/corr/1962/}) (4. Be2 {Blatny,P} Nf6 5. e5 (5. d3
d5 6. e5 Ng4 7. Bxf4 f6 8. d4 O-O 9. O-O fxe5 10. Nxe5 Nxe5 11. Bxe5 $10 {
Bronstein-Ivkov/Baden/1957/}) 5... Ng4 6. d4 Ne3 $1 7. Bxe3 fxe3 8. Qd3 d5 $10)
(4. Nc3 {Blatny,P} Bh4+ 5. Ke2 c6 $1 6. d4 (6. d3 d5 7. Bxf4 d4 8. Nb1 Be7 $15)
6... d5 7. e5 (7. exd5 $2 Qe7+ $1) 7... Bg4 8. Bxf4 f6 9. Kd2 (9. g3 fxe5 10.
Bxe5 Bf6 11. Bg2 Bxe5 12. dxe5 Qb6 $1 $15) 9... fxe5 10. dxe5 Ne7 11. h3 Bxf3
12. Qxf3 O-O 13. Bd3 Ng6 14. g3 Bxg3 $1 15. Qxg3 Nxf4 {-/+/-+ Prahov-Ivanov/
Sofia/1961/}) 4... Nf6 (4... Bh4+ $6 {Blatny,P} 5. Kf1 $1 (5. g3 {Cunningham
gambit} fxg3 6. O-O d5 (6... gxh2+ 7. Kh1 d5 8. Bxd5 Nf6 9. Bxf7+ Kxf7 10. Nxh4
Rf8 11. Qf3 Kg8 12. d3 $10) 7. Bxd5 (7. exd5 Bh3 $36) 7... Nf6 8. Bxf7+ (8.
Nxh4 Nxd5 9. exd5 Qxh4 10. Qe2+ Kd8 $17) 8... Kxf7 9. e5 (9. Nxh4 Qd4+) 9...
Bh3 10. exf6 Bxf1 11. Qxf1 gxh2+ 12. Kh1 Bxf6 $17 {Krejcik-Schlechter/Wien/
1918/}) 5... d5 (5... Bf6 6. d4 $16) 6. Bxd5 Nf6 7. Bb3 $1 Nxe4 8. Qe2 $1 $18)
5. e5 (5. d3 {Blatny,P} d5 6. exd5 Nxd5 7. Bxd5 Qxd5 8. Bxf4 $10) (5. Nc3 {
Blatny,P} Nxe4 $1 6. Ne5 (6. Bxf7+ Kxf7 7. Ne5+ Kg8 $1 8. Nxe4 d6 $1 9. Nf3 d5)
(6. O-O Nf6 7. d4 d5 8. Bd3 O-O 9. Bxf4 Nc6 $15) 6... Ng5 7. d4 d6 8. Nd3 f3 $1
9. gxf3 Nh3 10. Be3 O-O 11. Kd2 Nc6 12. Qf1 Bf6 $17 {Nei-Chukaev/USSR/1956/}) (
5. Qe2 {Blatny,P} O-O 6. O-O d5 7. Bxd5 Nxd5 8. exd5 $10) 5... Ng4 (5... Nh5 {
Blatny,P} 6. Nc3 d6 7. exd6 Qxd6 8. d4 Nc6 9. O-O O-O 10. Be2 Bg4 11. Ne4 {
/\Nf2 +/=/+/-}) 6. O-O (6. Nc3 {Blatny,P  ><d5} d6 7. exd6 $1 Bxd6 8. Qe2+ Qe7
9. Qxe7+ Kxe7 10. O-O f6 11. d4 c6 12. Ne4 $36) 6... d5 (6... Nc6 {Blatny,P} 7.
d4 d5 8. exd6 Bxd6 9. Qe1+ Kf8 (9... Qe7 10. Qxe7+ Kxe7 11. Nc3 Bf5 12. Nd5+
$14) (9... Ne7 10. h3 Nh6 11. Ne5 g5 12. h4 f6 13. hxg5 fxg5 14. Nf3 $14) 10.
Nc3 g5 11. h3 Nh6 12. Ne4 Be7 13. d5 $36) 7. exd6 Qxd6 (7... Bxd6 {Blatny,P} 8.
Re1+ Kf8 9. d4 Nc6 10. Nc3 Bf5 11. Ne4 Bxe4 12. Rxe4 Qf6 13. Qd3 $14) 8. d4 O-O
9. Nc3 Qh6 $1 {[#] Mit der Umgruppierung der Dame nach h6 verfolgt Schwarz
folgendes Ziel: Befestigung der Punkten e3 und f4, wonach starker Druck auf
der Diagonalen c1-h6 ausgeübt wird und auch den Laüfer d6 in den Kampf
eingreifen kann.} (9... Ne3 {Blatny,P} 10. Bxe3 fxe3 11. Nb5 $1 Qd8 (11... Qb6
12. Ne5 Be6 13. Bxe6 fxe6 14. Rxf8+ Bxf8 15. Qf3) 12. Ne5 Bf6 (12... Be6 13.
Bxe6 fxe6 14. Rxf8+ {/\Qg4}) 13. Nxf7 Rxf7 14. Qh5 $18) (9... c6 {Blatny,P} 10.
Qd3 $1 g6 11. Ne4) (9... Nc6 {Blatny,P} 10. Nb5 Qb4 11. b3 Bd6 $2 12. Bd2 Ne3
13. Qc1 {Jurtaev-Rozental/Riga/1977/}) 10. h3 (10. Nd5 Bd6 11. Re1 (11. h3 $6
Ne3 (11... c6 12. hxg4 cxd5 13. Bxd5 Bxg4 14. Bxb7 $16) 12. Nxe3 fxe3 13. Qe2
Bf4 (13... Re8 $6 14. Ne5 $1 $16) (13... Nc6 14. Bxe3 Bf4 15. Bxf4 Qxf4 16. c3
Qh6 {Rudolf,M-Matowski/Warsaw/1992} 17. Rae1 $36) 14. Re1 Bf5 15. Bb3 Nc6 $132)
11... Be6 12. h3 c6 $5 13. Nb6 axb6 14. Bxe6 fxe6 15. hxg4 Qg6 $15) (10. Qe1
Bf6 (10... Bb4 $5) 11. Ne2 Ne3 12. Bxe3 fxe3 13. c3 Bf5 14. Ng3 Bg6 15. Qe2 Nd7
16. Rae1 Rae8 $17 {Richter,K-Usachy,M/WchS Bad Woerishofen/1992}) (10. Nb5 $6
Na6 $15) 10... Ne3 11. Bxe3 fxe3 12. Ne5 (12. Qd3 Bd6 13. Rae1 Nc6 14. Qxe3
Qxe3+ 15. Rxe3 Na5 16. Bd3 c5 17. Nb5 cxd4 18. Nbxd4 h6 19. c3 $14 {Lutikov,
A-Budovskis/URS/1974}) (12. Nd5 $142 {Blatny,P} Bd6 13. Qd3 Re8 14. Rae1) 12...
Be6 (12... Bf6 13. Nd5 Bxe5 14. dxe5 Be6 15. Qe2 Nc6 16. Nxc7 Nd4 17. Qd3 Bxc4
18. Qxc4 e2 19. Nxa8 exf1=Q+ 20. Rxf1 Nc6 $17 {Shofman,M-Antoshin,V/Moscow-sf/
1953}) 13. Bxe6 Qxe6 14. Qf3 c5 $1 (14... c6 15. Rae1 $36) 15. Qxb7 cxd4 16.
Nd5 (16. Qxa8 dxc3 (16... Qxe5 17. Qd5 $5 (17. Ne2 Bd6 18. g3 Nd7 19. Qxa7 Nc5
$40) 17... Bd6 18. Qxe5 Bxe5 19. Ne2 Nc6 $13) 17. Nd3 Nc6 18. Qb7 Rb8 19. Qa6
e2 $36) 16... Bd6 (16... Qxe5 $4 {Blatny,P} 17. Nxe7+ Kh8 18. Rxf7 Na6 19. Raf1
$18) 17. Nf3 (17. Qxa8 Qxe5 18. Nf4 g5 $19) 17... e2 18. Qxa8 (18. Rfe1 {
Blatny,P} Nd7 $36) 18... exf1=Q+ 19. Kxf1 (19. Rxf1 Nd7 (19... Nc6 $2 20. Qxc6
(20. Qb7 Qxd5 $19) 20... Bh2+ 21. Kxh2 Qxc6 22. Ne7+ $18) 20. Qc6 (20. Qxa7 $2
Qxd5 21. Qxd7 $2 Bh2+ $19) 20... Nb6 $1 $17 {und wegen der Drohung Bh2 ist
Springer d5 verloren.}) 19... Bg3 $1 $17 {/\ Re8 ->; /\ Qa6 - Qe2 ->} 20. Qb7 (
20. Nxd4 {Blatny,P} Qe5 21. c3 Re8 22. Nf3 Qe2+ 23. Kg1 Qxb2 $19) 20... Rd8 (
20... Re8 21. Qb5) 21. c4 dxc3 22. Nxc3 Qe3 $1 $19 23. Ne4 Qd3+ (23... Qd3+ {
Blatny,P} 24. Kg1 Qd1+ 25. Ne1 Qxa1 26. Nxg3 Qxe1+ $19) 0-1

[Event "Mitropa Cup 16th"]
[Site "Buekfuerdo"]
[Date "1995.??.??"]
[Round "5"]
[White "Biolek, Richard"]
[Black "Gyimesi, Zoltan"]
[Result "1/2-1/2"]
[WhiteElo "2455"]
[BlackElo "2500"]
[PlyCount "31"]
[EventDate "1995.02.??"]
[EventType "team-tourn"]
[EventRounds "9"]
[EventCountry "HUN"]
[Source "ChessBase"]
[SourceDate "1995.07.01"]

1. e4 e5 2. Bc4 Nf6 3. d3 Nc6 4. Nf3 Bc5 5. O-O d6 6. c3 a6 7. Bb3 O-O 8. Nbd2
Ba7 9. Nc4 h6 10. Ne3 Ne7 11. Nh4 Bxe3 12. Bxe3 g5 13. Qf3 Kg7 14. Nf5+ Nxf5
15. exf5 Bd7 16. g4 1/2-1/2

[Event "Mitropa Cup 16th"]
[Site "Buekfuerdo"]
[Date "1995.??.??"]
[Round "5"]
[White "Bosboom, Manuel"]
[Black "Pelletier, Yannick"]
[Result "1-0"]
[WhiteElo "2430"]
[BlackElo "2420"]
[PlyCount "119"]
[EventDate "1995.02.??"]
[EventType "team-tourn"]
[EventRounds "9"]
[EventCountry "HUN"]
[Source "ChessBase"]
[SourceDate "1995.07.01"]

1. e4 c5 2. Nf3 Nc6 3. Bb5 g6 4. O-O Bg7 5. c3 Nf6 6. Re1 O-O 7. h3 d5 8. e5
Ne8 9. d4 cxd4 10. cxd4 Nc7 11. Bxc6 bxc6 12. Nc3 Ne6 13. Ng5 c5 14. Nxe6 Bxe6
15. Be3 cxd4 16. Bxd4 Qa5 17. Qd2 Rfc8 18. Qe3 Rc6 19. Ne2 Bd7 20. Bc3 Qa6 21.
Nd4 Rc4 22. b3 Rc7 23. Bb4 Be8 24. Rac1 Rac8 25. Rxc7 Rxc7 26. a4 Qb6 27. Bd6
exd6 28. exd6 Qxd6 29. Qxe8+ Qf8 30. Nb5 Rc8 31. Qxf8+ Bxf8 32. Nxa7 Rc2 33.
Rd1 Bc5 34. Nb5 Bxf2+ 35. Kf1 f5 36. g4 f4 37. Rxd5 Be3 38. Rd3 Ra2 39. Nc3
Rf2+ 40. Ke1 Rb2 41. Nd5 Bf2+ 42. Kd1 g5 43. Nf6+ Kg7 44. Ne4 Be3 45. Nxg5 h5
46. gxh5 Kh6 47. Nf3 Kxh5 48. Ne5 Rb1+ 49. Kc2 Rc1+ 50. Kb2 Re1 51. b4 Re2+ 52.
Kc3 Kh4 53. Nc4 Kg3 54. a5 Kf2 55. b5 Re1 56. b6 Rb1 57. h4 Rb5 58. h5 Rxh5 59.
Nxe3 fxe3 60. Kb4 1-0

[Event "Mitropa Cup 16th"]
[Site "Buekfuerdo"]
[Date "1995.??.??"]
[Round "5"]
[White "Casagrande, Harald"]
[Black "Mueller, Karsten"]
[Result "1/2-1/2"]
[WhiteElo "2385"]
[BlackElo "2470"]
[PlyCount "83"]
[EventDate "1995.02.??"]
[EventType "team-tourn"]
[EventRounds "9"]
[EventCountry "HUN"]
[Source "ChessBase"]
[SourceDate "1995.07.01"]

1. d4 d5 2. Nf3 c6 3. e3 Bg4 4. Bd3 Nd7 5. O-O Ngf6 6. Nbd2 e5 7. e4 dxe4 8.
Nxe4 Nxe4 9. Bxe4 f5 10. Bd3 e4 11. Bc4 exf3 12. Re1+ Be7 13. Bg5 Nf6 14. Bxf6
gxf6 15. Qd2 Qc7 16. Be6 h5 17. Qd3 Kf8 18. gxf3 Bh3 19. f4 Bb4 20. Qxh3 Bxe1
21. Rxe1 Qxf4 22. Qa3+ Kg7 23. Qe7+ Kg6 24. Re3 Rh7 25. Bxf5+ Qxf5 26. Rg3+ Kh6
27. Qe3+ Qg5 28. Rxg5 fxg5 29. Qe6+ Kg7 30. Kf1 g4 31. c4 Rf8 32. d5 cxd5 33.
cxd5 Rf6 34. Qe5 Kg6 35. Qe4+ Kh6 36. Qe3+ Kg6 37. Qd3+ Kh6 38. Qe3+ Kg6 39.
Qxa7 Rd7 40. Qd4 Rfd6 41. Qe4+ Kg5 42. Qe5+ 1/2-1/2

[Event "Mitropa Cup 16th"]
[Site "Buekfuerdo"]
[Date "1995.??.??"]
[Round "5"]
[White "Fogarasi, Tibor"]
[Black "Dobrovolsky, Ladislav"]
[Result "1/2-1/2"]
[WhiteElo "2500"]
[BlackElo "2380"]
[PlyCount "31"]
[EventDate "1995.02.??"]
[EventType "team-tourn"]
[EventRounds "9"]
[EventCountry "HUN"]
[Source "ChessBase"]
[SourceDate "1995.07.01"]

1. e4 e5 2. Nf3 Nc6 3. Bb5 Nf6 4. Qe2 d6 5. c3 Bd7 6. d4 Qe7 7. d5 Nb8 8. Bd3
g6 9. c4 Bg7 10. Nc3 O-O 11. Bd2 Na6 12. h3 c6 13. g4 Nc5 14. Bc2 cxd5 15. cxd5
a5 16. Bg5 1/2-1/2

[Event "Mitropa Cup 16th"]
[Site "Buekfuerdo"]
[Date "1995.??.??"]
[Round "5"]
[White "Godena, Michele"]
[Black "Rogic, Davor"]
[Result "1-0"]
[WhiteElo "2430"]
[BlackElo "2460"]
[Annotator "Blatny,P"]
[PlyCount "81"]
[EventDate "1995.02.??"]
[EventType "team-tourn"]
[EventRounds "9"]
[EventCountry "HUN"]
[Source "ChessBase"]
[SourceDate "1995.07.01"]

1. e4 e5 2. Nf3 Nc6 3. d4 exd4 4. Nxd4 Nf6 5. Nc3 Bb4 6. Nxc6 bxc6 7. Bd3 d5 8.
exd5 cxd5 9. O-O O-O 10. Bg5 c6 11. Ne2 {The older continuation. After more
popular 11.Na4 white would attack weak  points c5,c6 in the Black's position.}
Re8 12. c3 Be7 13. Nd4 Bd7 14. Re1 Qb8 $2 {גh4-d8 Black offers attacking
possibilities for White.} (14... a5 $142 $14) 15. Rxe7 $1 {This quality
sacrifice begins straightforward attack on the king's side. The f5 point will
be the key to the Black's position.} Rxe7 16. Bxf6 gxf6 17. Qh5 f5 (17... Kf8
18. Qh6+ Ke8 (18... Kg8 19. Qxh7+ Kf8 20. Qh8#) 19. Qxf6 Qe5 20. Qh6 c5 21.
Qxh7 Kd8 22. Nf3 $40) (17... Re4 18. Bxe4 dxe4 $14 {ק}) (17... Re5 18. Qxh7+
Kf8 19. b4 $36) 18. Qg5+ Kf8 19. Qh6+ (19. Bxf5 Qe5 (19... Qxb2 20. Qh6+ Ke8
21. Bxd7+ $18) (19... Qd6 20. Bxh7 Ree8 21. Qg8+ $40)) 19... Ke8 20. Bxf5 Qb7 (
20... Qxb2 21. Bxd7+ (21. Rf1 Qb7 $14) 21... Kd8 (21... Rxd7 22. Re1+ Kd8 23.
Qf6+ Kc7 24. Qxc6+ Kd8 25. Qxa8+ $18) (21... Kxd7 22. Qxc6+ Kd8 23. Qxa8+ $18)
22. Rf1 $18) 21. Qf6 $40 Be6 22. Re1 (22. Nxe6 fxe6 23. Bxe6 Rxe6 24. Qxe6+ {
/\Re1->K}) 22... Bxf5 (22... Kd7 23. Nxe6 (23. Rxe6 $6 fxe6 24. Nxe6 Rae8 25.
Ng7+ Kc7 $13) 23... fxe6 24. Bxe6+ $18 {צe7}) 23. Rxe7+ Qxe7 24. Qxc6+ Qd7 25.
Qxa8+ Ke7 26. Nxf5+ Qxf5 27. Qxa7+ $18 Kf8 28. Qb8+ Kg7 29. Qg3+ Kf8 30. Qb8+
Kg7 31. h3 $138 Qb1+ 32. Kh2 Qxa2 33. h4 Kf6 34. Qd6+ Kf5 35. Qc5 Ke6 36. b4
Qd2 37. Qe3+ Qxe3 38. fxe3 Kd6 39. e4 dxe4 40. c4 f5 41. g3 1-0

[Event "Mitropa Cup 16th"]
[Site "Buekfuerdo"]
[Date "1995.??.??"]
[Round "5"]
[White "Gostisa, Leon"]
[Black "Tibensky, Robert"]
[Result "1/2-1/2"]
[WhiteElo "2420"]
[BlackElo "2425"]
[PlyCount "32"]
[EventDate "1995.02.??"]
[EventType "team-tourn"]
[EventRounds "9"]
[EventCountry "HUN"]
[Source "ChessBase"]
[SourceDate "1995.07.01"]

1. d4 e6 2. Nf3 f5 3. g3 Nf6 4. Bg2 d5 5. O-O Bd6 6. b3 Qe7 7. Bb2 c6 8. Nbd2
O-O 9. Ne5 b6 10. c4 Bb7 11. Rc1 a5 12. Ndf3 Ne4 13. Ne1 Na6 14. N1d3 Rac8 15.
Qe1 Rfd8 16. f3 Nf6 1/2-1/2

[Event "Mitropa Cup 16th"]
[Site "Buekfuerdo"]
[Date "1995.??.??"]
[Round "5"]
[White "Kachiani Gersinska, Ketino"]
[Black "Stajcic, Nikola"]
[Result "0-1"]
[WhiteElo "2380"]
[BlackElo "2350"]
[PlyCount "70"]
[EventDate "1995.02.??"]
[EventType "team-tourn"]
[EventRounds "9"]
[EventCountry "HUN"]
[Source "ChessBase"]
[SourceDate "1995.07.01"]

1. d4 d5 2. c4 dxc4 3. e3 Nf6 4. Bxc4 e6 5. Nf3 c5 6. O-O a6 7. Qe2 Nbd7 8. Bb3
cxd4 9. exd4 Be7 10. Nc3 O-O 11. Ne5 Nxe5 12. dxe5 Nd7 13. Bf4 b5 14. Rfd1 Qb6
15. Bc2 g6 16. Ne4 Rd8 17. Nd6 Rb8 18. b4 a5 19. bxa5 Qxa5 20. Qf3 Bxd6 21.
Rxd6 Bb7 22. Qe3 Rbc8 23. Bb3 Nf8 24. Rad1 Rxd6 25. exd6 Qb4 26. f3 Nd7 27.
Bxe6 Re8 28. Qb3 Qxf4 29. Bxd7 Re3 30. Qxb5 Bxf3 31. Qb8+ Kg7 32. Qb2+ f6 33.
gxf3 Rxf3 34. Qd4 Rf1+ 35. Kg2 Qf3# 0-1

[Event "Mitropa Cup 16th"]
[Site "Buekfuerdo"]
[Date "1995.??.??"]
[Round "5"]
[White "Leventic, Ivan"]
[Black "Marinelli, Tullio"]
[Result "0-1"]
[WhiteElo "2400"]
[BlackElo "2425"]
[PlyCount "75"]
[EventDate "1995.02.??"]
[EventType "team-tourn"]
[EventRounds "9"]
[EventCountry "HUN"]
[Source "ChessBase"]
[SourceDate "1995.07.01"]

1. e4 c5 2. Nf3 d6 3. d4 cxd4 4. Nxd4 Nf6 5. Nc3 a6 6. Bg5 e6 7. Qf3 Be7 8.
O-O-O Qa5 9. h4 O-O 10. g4 Nc6 11. Nb3 Qc7 12. Qe2 b5 13. Be3 Nd7 14. g5 Nb6
15. f4 Na4 16. Qd2 Bb7 17. Bg2 Rfc8 18. a3 Nxc3 19. Qxc3 a5 20. Qd2 e5 21. Bh3
Rd8 22. Qf2 Ra6 23. f5 a4 24. Nd2 b4 25. f6 bxa3 26. bxa3 Bf8 27. fxg7 Bxg7 28.
Bf1 Nd4 29. Bxd4 exd4 30. Bd3 Rc6 31. Nb1 Rc8 32. Rh2 Be5 33. Rg2 Qa5 34. Qf5
Ba6 35. Qf1 Bxd3 36. Rxd3 Qb5 37. Rf3 d3 38. c3 0-1

[Event "Mitropa Cup 16th"]
[Site "Buekfuerdo"]
[Date "1995.??.??"]
[Round "5"]
[White "Mrva, Martin"]
[Black "Mohr, Georg"]
[Result "0-1"]
[WhiteElo "2400"]
[BlackElo "2430"]
[PlyCount "52"]
[EventDate "1995.02.??"]
[EventType "team-tourn"]
[EventRounds "9"]
[EventCountry "HUN"]
[Source "ChessBase"]
[SourceDate "1995.07.01"]

1. e4 Nc6 2. Nf3 d6 3. d4 Nf6 4. c3 e5 5. Bb5 Bd7 6. O-O Be7 7. Re1 O-O 8. Nbd2
Nxd4 9. cxd4 Bxb5 10. Qb3 Ba6 11. dxe5 Nd7 12. exd6 cxd6 13. Nf1 Nc5 14. Qd5
Rc8 15. Rd1 b6 16. Ng3 Bb7 17. Qf5 g6 18. Qf4 h5 19. h4 Ne6 20. Qh6 Re8 21. Ng5
Nxg5 22. Bxg5 Bxg5 23. hxg5 Bxe4 24. Rd4 d5 25. f3 Qc7 26. Kh2 Qf4 0-1

[Event "Mitropa Cup 16th"]
[Site "Buekfuerdo"]
[Date "1995.??.??"]
[Round "5"]
[White "Robatsch, Karl"]
[Black "Hoffmann, Michael"]
[Result "0-1"]
[WhiteElo "2410"]
[BlackElo "2475"]
[PlyCount "72"]
[EventDate "1995.02.??"]
[EventType "team-tourn"]
[EventRounds "9"]
[EventCountry "HUN"]
[Source "ChessBase"]
[SourceDate "1995.07.01"]

1. Nf3 c5 2. c4 Nf6 3. d4 e6 4. Nc3 cxd4 5. Nxd4 a6 6. Bg5 Bb4 7. Rc1 Qc7 8.
Bxf6 gxf6 9. e3 b6 10. Qg4 Ke7 11. a3 Bxc3+ 12. Rxc3 Bb7 13. Qg3 d6 14. Be2 Nd7
15. Bf3 Rhg8 16. Qh3 Bxf3 17. Qxf3 Rac8 18. O-O f5 19. e4 Rg4 20. Re1 Nf6 21.
Qd1 Rxe4 22. b4 Qd7 23. f3 Rxe1+ 24. Qxe1 e5 25. Nb3 Qe6 26. c5 dxc5 27. bxc5
Nd7 28. Qh4+ Qf6 29. Qb4 bxc5 30. Nxc5 Qd6 31. Qh4+ Nf6 32. Qb4 Nd5 33. Qh4+
Kf8 34. Qxh7 Rxc5 35. Rb3 Nf6 36. Qh8+ Ke7 0-1

[Event "Mitropa Cup 16th"]
[Site "Buekfuerdo"]
[Date "1995.??.??"]
[Round "5"]
[White "Ruck, Robert"]
[Black "Polak, Tomas"]
[Result "1/2-1/2"]
[WhiteElo "2460"]
[BlackElo "2420"]
[PlyCount "31"]
[EventDate "1995.02.??"]
[EventType "team-tourn"]
[EventRounds "9"]
[EventCountry "HUN"]
[Source "ChessBase"]
[SourceDate "1995.07.01"]

1. c4 e5 2. g3 Nc6 3. Bg2 Nf6 4. Nc3 Bb4 5. Nd5 Bc5 6. d3 h6 7. Nf3 d6 8. O-O
O-O 9. b3 Re8 10. Bb2 Bg4 11. h3 Bh5 12. e3 a5 13. a3 Ba7 14. g4 Bg6 15. d4 Be4
16. Nxf6+ 1/2-1/2

[Event "Mitropa Cup 16th"]
[Site "Buekfuerdo"]
[Date "1995.??.??"]
[Round "5"]
[White "Schmittdiel, Eckhard"]
[Black "Wittmann, Walter"]
[Result "0-1"]
[WhiteElo "2485"]
[BlackElo "2405"]
[PlyCount "172"]
[EventDate "1995.02.??"]
[EventType "team-tourn"]
[EventRounds "9"]
[EventCountry "HUN"]
[Source "ChessBase"]
[SourceDate "1995.07.01"]

1. f4 d5 2. Nf3 g6 3. e3 Bg7 4. d4 Nf6 5. Bd3 b6 6. Qe2 O-O 7. O-O c5 8. c3 Bb7
9. Nbd2 Nc6 10. Ng5 e6 11. b3 Nd7 12. Ndf3 Qe7 13. Nh3 Rfe8 14. Ba3 Rac8 15.
Rad1 Qd8 16. Nfg5 f5 17. Rfe1 Na5 18. Bb1 Qc7 19. Rc1 Rcd8 20. Nf2 Qc8 21. Qf3
h6 22. Ngh3 Qc7 23. g4 Rf8 24. Nh1 Rf7 25. Ng3 Nf6 26. Nf2 Ne4 27. Rc2 Bf6 28.
gxf5 exf5 29. Nfxe4 dxe4 30. Qg2 Bg7 31. Rd2 c4 32. b4 Nc6 33. b5 Ne7 34. Bxe7
Qxe7 35. Qf1 Bd5 36. Rg2 Rd6 37. Qe2 Kf8 38. Rf1 Bf6 39. a4 Rg7 40. Bc2 Rd7 41.
Ra1 Qe6 42. a5 Bd8 43. axb6 Bxb6 44. Bd1 Rc7 45. Qb2 Kg8 46. Be2 Kh7 47. Kf2
Rc8 48. Rag1 Rcc7 49. h4 Qf6 50. Ke1 Qe6 51. Bd1 h5 52. Kf2 Rcd7 53. Be2 Bd8
54. Rh2 Rb7 55. Kg2 a6 56. Kh1 axb5 57. Bf1 Be7 58. Bh3 Qf7 59. Rhg2 Bf8 60.
Qd2 b4 61. cxb4 Bxb4 62. Qd1 Bf8 63. Ra2 Rb3 64. Qc1 Qf6 65. Qe1 Bb4 66. Qe2
Bf8 67. Ra5 Bf7 68. Ra8 Ba3 69. Ra7 Rb2 70. Qf1 Bb4 71. Rg2 c3 72. Rxb2 cxb2
73. Qb1 Qb6 74. Rxf7 Rxf7 75. Qxb2 Qd6 76. Qe2 Qf6 77. Qc4 Be1 78. Kg2 Ra7 79.
Qe2 Bxg3 80. Kxg3 Qb6 81. Bxf5 gxf5 82. Qxh5+ Qh6 83. Qxf5+ Qg6+ 84. Qg5 Ra5
85. Kg4 Rxg5+ 86. hxg5 Qa6 0-1

[Event "Mitropa Cup 16th"]
[Site "Buekfuerdo"]
[Date "1995.??.??"]
[Round "5"]
[White "Sosonko, Gennadi"]
[Black "Ekstroem, Roland"]
[Result "1/2-1/2"]
[WhiteElo "2535"]
[BlackElo "2430"]
[PlyCount "53"]
[EventDate "1995.02.??"]
[EventType "team-tourn"]
[EventRounds "9"]
[EventCountry "HUN"]
[Source "ChessBase"]
[SourceDate "1995.07.01"]

1. d4 d5 2. Nf3 Nf6 3. c4 c6 4. Nc3 dxc4 5. a4 Bf5 6. e3 e6 7. a5 Nbd7 8. Bxc4
b5 9. axb6 axb6 10. Rxa8 Qxa8 11. Nh4 Bg4 12. f3 Bh5 13. g4 Bg6 14. e4 b5 15.
Bb3 Nb6 16. Be3 Qb7 17. O-O Be7 18. g5 Nfd7 19. Nxg6 hxg6 20. d5 exd5 21. exd5
O-O 22. Re1 Bc5 23. Bxc5 Nxc5 24. dxc6 Qxc6 25. Nd5 Nxd5 26. Bxd5 Qd7 27. Qd4
1/2-1/2

[Event "Mitropa Cup 16th"]
[Site "Buekfuerdo"]
[Date "1995.??.??"]
[Round "5"]
[White "Zelcic, Robert"]
[Black "Tatai, Stefano"]
[Result "1-0"]
[WhiteElo "2500"]
[BlackElo "2430"]
[PlyCount "61"]
[EventDate "1995.02.??"]
[EventType "team-tourn"]
[EventRounds "9"]
[EventCountry "HUN"]
[Source "ChessBase"]
[SourceDate "1995.07.01"]

1. e4 e5 2. Nf3 Nc6 3. Bc4 Bc5 4. O-O Nf6 5. d4 exd4 6. e5 d5 7. Bb5 Ne4 8.
Nxd4 O-O 9. Bxc6 bxc6 10. Be3 Bd7 11. f3 Ng5 12. Qd2 f6 13. Kh1 h6 14. exf6
Qxf6 15. Nc3 Rae8 16. Bg1 Bb6 17. a4 a5 18. Rae1 Nf7 19. Nd1 Nd6 20. b3 c5 21.
Nb5 d4 22. Na3 Bc6 23. Nb2 Nf5 24. Nac4 Qh4 25. Bf2 Qh5 26. Nd3 Nh4 27. Nce5
Re6 28. Nxc6 Rxc6 29. Bxh4 Qxh4 30. Ne5 Re6 31. Nc4 1-0

[Event "Mitropa Cup 16th"]
[Site "Buekfuerdo"]
[Date "1995.??.??"]
[Round "6"]
[White "Arlandi, Ennio"]
[Black "Timoscenko, Gennadij"]
[Result "1/2-1/2"]
[WhiteElo "2440"]
[BlackElo "2520"]
[PlyCount "47"]
[EventDate "1995.02.??"]
[EventType "team-tourn"]
[EventRounds "9"]
[EventCountry "HUN"]
[Source "ChessBase"]
[SourceDate "1995.07.01"]

1. d4 Nf6 2. c4 g6 3. Nc3 Bg7 4. e4 d6 5. Nf3 O-O 6. Be2 e5 7. Be3 Na6 8. O-O
Ng4 9. Bg5 f6 10. Bc1 Nh6 11. dxe5 dxe5 12. h3 c6 13. Be3 Nf7 14. c5 Nc7 15. b4
Qe7 16. Qb3 Be6 17. Bc4 Bxc4 18. Qxc4 Qe6 19. Qxe6 Nxe6 20. Rfd1 Rfd8 21. Rxd8+
Rxd8 22. Rd1 Rxd1+ 23. Nxd1 Bh6 24. Bxh6 1/2-1/2

[Event "Mitropa Cup 16th"]
[Site "Buekfuerdo"]
[Date "1995.??.??"]
[Round "6"]
[White "Baumgartner, Heinz"]
[Black "Van der Werf, Mark"]
[Result "1/2-1/2"]
[WhiteElo "2295"]
[BlackElo "2415"]
[Annotator "Horn,Pe"]
[PlyCount "118"]
[EventDate "1995.02.??"]
[EventType "team-tourn"]
[EventRounds "9"]
[EventCountry "HUN"]
[Source "ChessBase"]
[SourceDate "1995.07.01"]

1. Nf3 d5 2. g3 c6 3. Bg2 Bg4 4. d3 Nd7 5. O-O e6 6. b3 Ngf6 7. Nbd2 Bc5 8. Bb2
O-O 9. c4 a5 10. a3 Re8 (10... Qe7 {is the usual move.}) 11. Qc2 (11. h3 Bh5
12. d4) 11... e5 $146 (11... Bb6 12. b4 e5 13. c5 Bc7 14. e4 {Hickl-Tseitlin/
Biel op/1993}) 12. h3 Bh5 13. e4 dxe4 14. dxe4 Qb6 15. Bc3 {/\ Qb2} (15. Nh4 $5
) 15... Bg6 $5 {/\ Nh5} 16. Nh4 (16. Ne1 $2 Nh5) (16. g4 $5) 16... Nh5 {/\ Nxg3
} 17. Qd3 $8 Rad8 18. Qf3 Ndf6 19. Nxg6 hxg6 20. Kh2 (20. Rfd1) 20... Rd6 21.
Qe2 Bd4 22. Rac1 Bxc3 23. Rxc3 Qc5 24. Nb1 Red8 25. Bf3 Rd4 26. Kg2 Ne8 27. Re3
(27. Bxh5 gxh5 28. Qxh5 Rxe4 $10) 27... Nhf6 28. Qb2 b6 29. Rc1 Qe7 30. Qc2 (
30. b4 $5) 30... Nc7 31. Rd1 Ne6 32. Ree1 Ng5 33. Rxd4 Rxd4 34. a4 $2 (34. h4
Nxf3 35. Kxf3 Qd7 36. Kg2 $15) 34... Qd7 35. g4 Qd6 (35... Rd3 36. Re3 Nxf3 (
36... Rxe3 37. fxe3) 37. Rxf3 Rxf3 (37... Rd1) 38. Kxf3 Qd4 39. Nc3 Nd7 $17)
36. Rd1 $4 (36. Re2 Rd3) 36... Nd7 $4 (36... Nxf3 37. Rxd4 Nxd4 $19) (36...
Rxd1 $2 37. Qxd1 Qxd1 38. Bxd1 Nfxe4 $19) 37. Rd2 Nc5 38. Rxd4 exd4 39. Nd2 Qf4
(39... Nce6 40. h4 Nf4+ 41. Kf1 Nxf3 42. Nxf3 d3) 40. Qd1 Nxf3 (40... Ncxe4 $4
41. Nxe4 Nxe4 42. Qxd4) (40... Nd3) 41. Nxf3 d3 (41... Qxe4 42. Qxd4 $15) 42.
e5 Qe4 43. Qd2 (43. Kg3 Qe2) 43... Qe2 $4 (43... Nxb3 44. Qg5 f6 (44... d2 $4
45. Qd8+ $10) 45. exf6 Nd4 $19) 44. Qg5 Ne6 45. Qe3 g5 46. Kg3 g6 47. Nd2 Nc5 (
47... Nf4 48. h4) 48. Kg2 (48. Qxg5 $4 Qxd2 $19) 48... Qxe3 49. fxe3 Kf8 50.
Kf3 Ke7 51. e4 Ke6 52. Ke3 Kxe5 53. Nf3+ Ke6 54. Nxg5+ Kf6 55. h4 Nxb3 56. Kxd3
Nc5+ 57. Kd4 Nb3+ (57... Nxa4 58. e5+ Kg7) 58. Kc3 Nc5 59. Kd4 Nb3+ 1/2-1/2